The hinge of fate
Saved in:
| Hovedforfatter: | |
|---|---|
| Format: | Bog |
| Sprog: | engelsk |
| Udgivet: |
Boston
Houghton Mifflin Company
1950
|
| Udgivelse: | 1a. ed |
| Serier: | The Second World War, 4
|
| Fag: | |
| Tags: |
Tilføj Tag
Ingen Tags, Vær først til at tagge denne postø!
|
MARC
| LEADER | 00000cam a2200000 a 4500 | ||
|---|---|---|---|
| 001 | UCE5558 | ||
| 003 | CL-VaPUC | ||
| 008 | 150123e19500000us |||||||||||||||||eng|d | ||
| 082 | 0 | 4 | |a 940.53 |b CHU |2 21 |
| 100 | 0 | |a Churchill, Winston S |e author |9 342458 | |
| 245 | 1 | 4 | |a The hinge of fate |
| 250 | |a 1a. ed | ||
| 300 | |a 1000 p | ||
| 942 | |c BK | ||
| 945 | |d 20150123 15:06:00 |a dcastane | ||
| 260 | |a Boston |b Houghton Mifflin Company |c 1950 | ||
| 650 | 0 | |a Historia de Europa |9 392003 | |
| 650 | 0 | |a Segunda Guerra Mundial |9 325982 | |
| 650 | 0 | |a Aliados políticos |9 472215 | |
| 583 | |a last modification |c 20150123 15:06:00 |k Rodrigo Vera | ||
| 490 | 0 | |a The Second World War, 4 | |
| 999 | |c 358244 |d 358242 | ||
| 952 | |0 0 |1 0 |3 erd |4 0 |6 940_530000000000000_CHU_1950 |7 0 |8 X |9 466857 |a FDOBUD |b FDOBUD |i 5151694 |o 940.53 CHU 1950 |p 5151694 |r 2019-11-23 |w 2019-11-23 |y BK_X |z Catalogado en:20150123 |k BUD | ||